Mau-Mau (Record no. 148269)

MARC details
000 -LEADER
campo de control de longitud fija 00527nam a2200157 4500
001 - NÚMERO DE CONTROL
campo de control 148269
003 - IDENTIFICADOR DE NÚMERO DE CONTROL
campo de control ES-MaACL
007 - CAMPO FIJO DE DESCRIPCIÓN FÍSICA--INFORMACIÓN GENERAL
campo de control de longitud fija t|
008 - DATOS DE LONGITUD FIJA--INFORMACIÓN GENERAL
campo de control de longitud fija 070214s1954 sp r ||||1| spa d
100 1# - ENTRADA PRINCIPAL--NOMBRE DE PERSONA
Nombre de persona Stoneham, C. T.
9 (RLIN) 108313
245 10 - MENCIÓN DEL TÍTULO
Título Mau-Mau
Resto del título : terror en Africa /
Mención de responsabilidad, etc. C. T. Stoneham ; traducción del inglés por Luis Jordá Cardona.
260 ## - PUBLICACIÓN, DISTRIBUCIÓN, ETC.
Lugar de publicación, distribución, etc. Barcelona :
Nombre del editor, distribuidor, etc. Iberia,
Fecha de publicación, distribución, etc. [1954] (
Fabricante Rafael Salvá)
300 ## - DESCRIPCIÓN FÍSICA
Extensión 195 p., 8 lám. :
Otras características físicas 1 map. ;
Dimensiones 21 cm.
700 1# - ENTRADA AGREGADA--NOMBRE PERSONAL
Nombre de persona Jordá Cardona, Luis.
9 (RLIN) 66899
852 ## - LOCALIZACIÓN
Ubicación ES-MaACL
Número de control de estantería C-8761
Sublocalización o colección R.36216
Holdings
Estatus retirado Estado de pérdida Estado de daño No para préstamo Biblioteca de origen Biblioteca actual Ubicación en estantería Fecha de adquisición Fuente de adquisición Total de préstamos Signatura topográfica completa Código de barras Visto por última vez Precio de reemplazo Tipo de ítem Koha
        Biblioteca del Ateneo de Madrid Biblioteca del Ateneo de Madrid Sala Palomar 17/01/2008     C-8761 1154731 23/02/2023 23/02/2023 Libro impreso